Sports Quiz

Random Sports or NCAA Quiz
Score 0/14 Timer 02:00
1 Play Today
% Correct
Michigan
90.8%
Michigan State
90.3%
Ohio State
87.6%
Minnesota
86.8%
Wisconsin
85.7%
Penn State
85.5%
Indiana
84%
% Correct
Maryland
82.1%
Illinois
82%
Rutgers
82%
Nebraska
80%
Northwestern
79.9%
Iowa
79.8%
Purdue
75.7%
Remove Ads.
Support Sporcle.
Get the best of Sporcle when you Go Orange. This ad-free experience offers more features, more stats, and more fun while also helping to support Sporcle. Thank you for becoming a member.

You're not logged in!

Compare scores with friends on all Sporcle quizzes.
OR
Log In

Sporcle TV

Today on Sporcle TV


Watch our educational content, quiz creation guides, and fun videos on Sporcle TV.

Show Comments

Extras

Top Quizzes Today


Score Distribution

Paid Content

Your Account Isn't Verified!

In order to create a playlist on Sporcle, you need to verify the email address you used during registration. Go to your Sporcle Settings to finish the process.

Report this User

Report this user for behavior that violates our Community Guidelines.

Details: